Retrouve le nom des musiques de Glee - Statistiques

Statistiques générales
  • Ce quiz a été pris 541 fois
  • Le résultat moyen est 10 sur 16
Statistiques - réponses
Par images Réponse % Correct
Smooth Criminal
92%
Roar
87%
Valerie
83%
Don't Stop Believing
81%
If I Die Young
78%
Don't Rain On My Parade
73%
Teenage Dream
67%
Born This Way
66%
I kissed a Girl
58%
We are Young
55%
Stereo Hearts
52%
Somewhere Only We Know
51%
Just Give Me a Reason
50%
Mine
49%
Defying Gravity
37%
Stayin' Alive
28%
Aucun quiz correspondant
Distribution des résultats
% des personnes avec chaque résultat
Percentile par nombre de réponses
Votre historique - résultats
Vous n’avez pas pris ce quiz